Top Universities By State Quiz Stats

 Plays Quiz not verified by Sporcle

Score 0/33 Timer 06:00
0 Plays Today
State University % Correct
MassachusettsHarvard University, ...
98.5%
CaliforniaStanford University, ...
98.5%
New YorkColumbia University, ...
97.8%
PennsylvaniaUniversity of Pennsylvania, ...
97.8%
GeorgiaEmory University, ...
97.8%
MichiganUniversity of Michigan-Ann Arbor, ...
97.8%
IllinoisUniversity of Chicago ...
97.4%
North CarolinaDuke University, ...
97.4%
MarylandJohns Hopkins University, ...
97.4%
TexasRice University, ...
97.4%
IndianaUniversity of Notre Dame, ...
97.4%
VirginiaUniversity of Virginia, ...
97.4%
FloridaUniversity of Florida, ...
97.4%
AlabamaUniversity of Alabama
97.4%
WisconsinUniversity of Wisconsin-Madison, ...
97%
MinnesotaUniversity of Minnesota-Twin Cities
97%
ColoradoColorado School of Mines, ...
97%
State University % Correct
ConnecticutYale University, ...
96.6%
DelawareUniversity of Delaware
96.6%
IowaUniversity of Iowa
96.6%
New JerseyPrinceton University, ...
96.3%
OhioCase Western Reserve University, ...
95.1%
WashingtonUniversity of Washington
95.1%
Washington, D.C.Georgetown University, ...
94.8%
VermontUniversity of Vermont
93.6%
UtahBrigham Young University-Provo
92.5%
Rhode IslandBrown University
91%
TennesseeVanderbilt University
89.5%
New HampshireDartmouth College
88.8%
LouisianaTulane University
86.5%
MissouriWashington University in St. Louis, ...
84.3%
South CarolinaClemson University
79%
OklahomaUniversity of Tulsa
70.8%

You're not logged in!

Compare scores with friends on all Sporcle quizzes.
OR
Log In

Sporcle TV

Today on Sporcle TV


Watch our educational content, quiz creation guides, and fun videos on Sporcle TV.

Show Comments

Extras

Top Quizzes Today


Score Distribution

Your Account Isn't Verified!

In order to create a playlist on Sporcle, you need to verify the email address you used during registration. Go to your Sporcle Settings to finish the process.

Report this User

Report this user for behavior that violates our Community Guidelines.

Details: